"Hovoríme o robotoch, myslíme na ľudí"

Centrum robotiky ABB v logistickom parku v Zavare pri Trnave. Desať dôvodov, prečo si zadovážiť robot. Značka ABB patriaca vo svete medzi špičku. Ponuka riešení pre automatizáciu výroby. Veľký potenciál v slovenskej robotike. Roboty so zmyslami. Vzdialená diagnostika. Nové modely ABB so znižujúcou s...

Descrizione completa

Salvato in:
Dettagli Bibliografici
Autore principale: Marianyi, Peter
Natura: Capitolo di libro
Lingua:slovacco
Soggetti:
Tags: Aggiungi Tag
Nessun Tag, puoi essere il primo ad aggiungerne!!

MARC

LEADER 00000naa a2200000 4500
001 0150891
005 20231011123054.5
041 0 |a slo 
044 |a SK 
245 1 0 |a "Hovoríme o robotoch, myslíme na ľudí"  |c Peter Marianyi 
520 |a Centrum robotiky ABB v logistickom parku v Zavare pri Trnave. Desať dôvodov, prečo si zadovážiť robot. Značka ABB patriaca vo svete medzi špičku. Ponuka riešení pre automatizáciu výroby. Veľký potenciál v slovenskej robotike. Roboty so zmyslami. Vzdialená diagnostika. Nové modely ABB so znižujúcou sa energetickou náročnosťou. 
610 2 0 |a roboty 
610 2 0 |a robotizácia 
610 2 0 |a automatizácia 
610 2 0 |a Slovensko 
100 1 |a Marianyi, Peter